Statistics for NHL Ice Hockey Team Logos

Click here to take the quiz!

General Stats

  • This quiz has been taken 19,847 times
    (19,792 since last reset)
  • The average score is 26 of 31

Answer Stats

Answer % Correct
Pittsburgh Penguins
99%
New Jersey Devils
96%
Boston Bruins
94%
Detroit Red Wings
92%
Colorado Avalanche
92%
San Jose Sharks
91%
Chicago Blackhawks
90%
Los Angeles Kings
89%
Dallas Stars
89%
New York Rangers
89%
Calgary Flames
89%
Arizona Coyotes
86%
Edmonton Oilers
86%
Philadelphia Flyers
85%
St. Louis Blues
84%
Winnipeg Jets
84%
Washington Capitals
83%
Tampa Bay Lightning
83%
Toronto Maple Leafs
82%
Montreal Canadiens
81%
Minnesota Wild
79%
Carolina Hurricanes
79%
Vancouver Canucks
79%
Florida Panthers
78%
Ottawa Senators
77%
Buffalo Sabres
76%
New York Islanders
74%
Nashville Predators
73%
Anaheim Ducks
72%
Columbus Blue Jackets
72%
Vegas Golden Knights
71%

Score Distribution

Percentile by Number Answered

Percent of People with Each Score

Your Score History

You have not taken this quiz since the last reset